| 000 | 00705cam a22002172 4500 | ||
|---|---|---|---|
| 001 | 0000000798 | ||
| 005 | 20151217151757.0 | ||
| 008 | 070220s xx 000 0 eng d | ||
| 020 |
_a0310217687 : _cKES 1,010 |
||
| 040 |
_aKABU _cKABU |
||
| 050 | 0 |
_aBV4528.2 _b.M671997 |
|
| 100 | 1 |
_aMorley, Patrick M. _@0000149165 |
|
| 245 | 1 | 4 |
_aThe Man in the mirror : _bsolving the 24 problems men face / _cPatrick M. Morley; foreword by R. C. Sproul. |
| 260 |
_aGrand Rapids, MI : _bZondervan, _c1997. |
||
| 300 |
_a332 p. ; _c21 cm. |
||
| 600 | 1 | 0 |
_aMen _xReligious life. _@0000149166 |
| 650 | 0 |
_aChristian life. _@0000149167 |
|
| 908 | _a070220 | ||
| 950 | _@1 | ||
| 999 |
_c4920 _d4920 |
||